000 00502nam a22001937a 4500
005 20260302123601.0
008 260302b |||||||| |||| 00| 0 eng d
037 _cDSWL
040 _aDSWL
_cDSWL
041 _heng
084 _an2,N5 Q6
100 _aMathew, Mammen
245 _aManorama Year Book
260 _aKerala,
_bKottayam,
_c2016
300 _a1039p
365 _aINR
_b300
942 _2CC
_cREF
_hn2,N5 Q6
_n0
999 _c1688382
_d1688382